| Поле | Инд. | ПП | Название | Значение |
|---|---|---|---|---|
| Тип записи | a | |||
| Библиографический уровень | m | |||
| 001 | Контрольный номер | UNIDUBNA1ccbe0ed123c4523a83eef0dbd746ce3 | ||
| 005 | Дата корректировки | 20260525145119.3 | ||
| 008 | Кодируемые данные | 20260522 | ||
| 022 | 0_ | a | ISSN | 0321-0669 |
| 084 | a | Индекс другой классификации/Индекс ББК | 26.89 | |
| 090 | a | Полочн. индекс | 95.2 | |
| 099 | a | Индекс | 83320 | |
| 245 | 10 | a | Заглавие | Вокруг света |
| n | Номер части/ раздела | №4/2026 | ||
| b | Продолж. заглавия | журнал русского географического общества | ||
| c | Ответственность | учредитель: ООО ""Шкулёв Медиа Холдинг"; гл. ред. М. А. Мернова | ||
| 260 | c | Дата издания | 2026 | |
| b | Издательство | Вокруг света | ||
| a | Место издания | Москва | ||
| 300 | a | Объем | 98 с. | |
| 500 | a | Примечание | Журнал | |
| 600 | a | Персоналии | Миклухо-Маклай Николай Николаевич | |
| a | Персоналии | Пржевальский Николай Михайлович | ||
| a | Персоналии | Рой Глэдис | ||
| a | Персоналии | Седов Георгий Яковлевич | ||
| a | Персоналии | Сидоров Михаил Константинович | ||
| a | Персоналии | Третьяков Павел Михайлович | ||
| a | Персоналии | Фаберже Карл | ||
| a | Персоналии | Фридрих II Гогенштауфен | ||
| 650 | 04 | a | Основная рубрика | естествознание |
| a | Основная рубрика | науки о Земле | ||
| a | Основная рубрика | страноведение | ||
| 653 | a | Ключевые слова | "Вокруг света" (журнал) | |
| a | Ключевые слова | автомобили | ||
| a | Ключевые слова | Аргентина | ||
| a | Ключевые слова | Беневенто | ||
| a | Ключевые слова | бумажные деньги | ||
| a | Ключевые слова | винг-вокинг | ||
| a | Ключевые слова | Владивосток | ||
| a | Ключевые слова | Гренландия | ||
| a | Ключевые слова | Греция | ||
| a | Ключевые слова | денежные кризисы | ||
| a | Ключевые слова | деньги | ||
| a | Ключевые слова | Европа | ||
| a | Ключевые слова | Египет | ||
| a | Ключевые слова | инфляция | ||
| a | Ключевые слова | искусство | ||
| a | Ключевые слова | история журнала | ||
| a | Ключевые слова | Италия | ||
| a | Ключевые слова | Китай | ||
| a | Ключевые слова | Кокенген | ||
| a | Ключевые слова | коллекции | ||
| a | Ключевые слова | Мальдивы | ||
| a | Ключевые слова | Непал | ||
| a | Ключевые слова | Нидерланды | ||
| a | Ключевые слова | парфюмерия | ||
| a | Ключевые слова | первопроходцы | ||
| a | Ключевые слова | пирамида Хеопса | ||
| a | Ключевые слова | пиры | ||
| a | Ключевые слова | Россия | ||
| a | Ключевые слова | рост цен | ||
| a | Ключевые слова | средние века | ||
| a | Ключевые слова | США | ||
| a | Ключевые слова | Третьяковская галерея | ||
| a | Ключевые слова | Халкидики | ||
| a | Ключевые слова | Шэньчжэнь | ||
| a | Ключевые слова | экономика | ||
| a | Ключевые слова | экспедиции | ||
| a | Ключевые слова | Южно-Африканская Республика (ЮАР) | ||
| a | Ключевые слова | Ярославль | ||
| 773 | 18 | w | Контрольный № источника | RU/IS/BASE/409156366 |
| 900 | a | Имя электронного ресурса | obl_vokrug_sveta_4_2026 | |
| x | Справочная информация | Обложка | ||
| 901 | t | Тип документа | s | |
| 952 | a | Тип литературы для КСУ ВШ | НПЖ | |
| 991 | s | 5 |